00344pab a2200109 454500008004000000100001800040245010000058260000900158300001200167650001500179773004000194180718b2004 xxu||||| |||| 00| 0 eng d aRyan, Mark B. aTranspersonal psychology and the interpretation of history: a reading of the Gettysburg address c2004 ap.1-17. aPsychology aJournal of Transpersonal Psychology